|
|
|
|
| LEADER |
00000nam a2200000 a 4500 |
| 001 |
vtls001322605 |
| 003 |
SK-MaSNL |
| 005 |
20260425222510.0 |
| 008 |
160415s1997 xo a y 0 eng |
| 015 |
|
|
|a SNBE1998/02-00837
|
| 020 |
|
|
|a 8080482063
|
| 035 |
|
|
|a SNK000275285
|
| 040 |
|
|
|a SNK
|b slo
|c SNK
|e AACR2
|
| 041 |
0 |
|
|a eng
|
| 044 |
|
|
|a xo
|c SK
|
| 080 |
|
|
|a 354+342.518(437.6)(083.9)=20
|2 1981
|
| 080 |
|
|
|a 342.518(437.6)
|2 1981
|
| 245 |
1 |
|
|a Government of the Slovak Republic
|b state secretaries heads of offices
|
| 260 |
|
|
|a Bratislava
|b Slovak Information Agency
|c 1997
|
| 300 |
|
|
|a [54] s.
|b fotogr.
|c 30 cm
|
| 610 |
0 |
7 |
|a Slovenská republika
|e Vláda
|x spravodaje informačné
|2 SNK
|9 287265
|
| 611 |
1 |
7 |
|a Slovenská republika
|e Vláda
|x spravodaje informačné
|2 SNK
|9 287266
|
| 651 |
|
7 |
|a Slovensko
|2 SNK
|9 14231
|
| 655 |
|
7 |
|a informačné publikácie
|2 SNK
|9 70181
|
| 710 |
0 |
|
|a Slovenská informačná agentúra
|4 vyd
|9 33324
|
| 919 |
|
|
|a 80-8048-206-3
|
| 958 |
|
|
|a TL
|
| 999 |
|
|
|c 558989
|d 560919
|
| 952 |
|
|
|t P60, <09>, [BOOK], {629}
|a SNK
|b SNK
|y NEVYP
|7 0
|o snkB 103
|i snk382/980306
|0 0
|1 0
|4 0
|d 1998-03-02
|l 0
|r 2005-01-02 00:00:00
|w 2026-02-23
|
| 952 |
|
|
|t P60, <03>, [BOOK], {603}
|a SNK
|b SNK
|y PREZ
|7 0
|p 17A0125639
|o snkOSB 11723
|i snkKSP 2146/98
|0 0
|1 0
|4 0
|d 1998-03-02
|l 0
|r 2005-01-02 00:00:00
|w 2026-02-23
|
| 952 |
|
|
|t P60, <04>, [BOOK], {604}
|a SNK
|b SNK
|y VYP
|7 0
|p 17A0125638
|o snkOSB 11723 D1
|i snkKSP 2147/98
|0 0
|1 0
|4 0
|d 1998-03-02
|l 0
|r 2005-01-02 00:00:00
|w 2026-02-23
|